[Event "Ratinger SK 1 - SF Lieme 1"]
[Site "NRW-Klasse, Gruppe 1 2016/201"]
[Date "2017.02.12"]
[Round "6.2"]
[White "Welzel, Philipp"]
[Black "Wittke, Rene"]
[Result "1/2-1/2"]
[WhiteElo "2192"]
[BlackElo "2192"]
[PlyCount "74"]
[EventDate "2017.??.??"]
[WhiteTeam "Ratinger SK 1"]
[BlackTeam "SF Lieme 1"]

1. d4 Nf6 2. c4 Nc6 3. Nf3 e6 4. Nc3 Bb4 5. Qc2 d6 6. Bd2 e5 7. a3 Bxc3 8. Bxc3
Qe7 9. d5 Nb8 10. e3 O-O 11. Nd2 a5 12. Bd3 Nbd7 13. b4 axb4 14. axb4 Rxa1+ 15.
Bxa1 b5 16. e4 Nh5 17. g3 f5 18. exf5 Nb6 19. cxb5 Qf7 20. O-O Nf6 21. f4 Bb7
22. fxe5 Qxd5 23. Qb3 dxe5 24. Qxd5+ Nfxd5 25. Bxe5 Re8 26. Bf4 Nxb4 27. Bc4+
Nxc4 28. Nxc4 Re2 29. Rd1 Nd5 30. Bxc7 Nxc7 31. Rd7 Nxb5 32. Rxb7 Nd4 33. Nd6
h5 34. h4 Rd2 35. Rb8+ Kh7 36. Nf7 Nf3+ 37. Kf1 Nh2+ 1/2-1/2

[Event "Ratinger SK 1 - SF Lieme 1"]
[Site "NRW-Klasse, Gruppe 1 2016/201"]
[Date "2017.02.12"]
[Round "6.3"]
[White "Himpenmacher, Andy"]
[Black "Busch, Christian"]
[Result "1-0"]
[WhiteElo "2173"]
[BlackElo "2056"]
[PlyCount "43"]
[EventDate "2017.??.??"]
[WhiteTeam "SF Lieme 1"]
[BlackTeam "Ratinger SK 1"]

1. e4 d5 2. exd5 Nf6 3. d4 Nxd5 4. c4 Nb6 5. Nf3 g6 6. Nc3 Bg7 7. c5 N6d7 8.
Bc4 O-O 9. Be3 b6 10. Qe2 Bb7 11. O-O e6 12. Rfd1 Nf6 13. Bg5 h6 14. d5 exd5
15. Nxd5 Bxd5 16. Bxd5 Qxd5 17. Rxd5 Nxd5 18. Qd2 c6 19. Bxh6 Nd7 20. Bxg7 Kxg7
21. cxb6 axb6 22. Nd4 1-0

[Event "Ratinger SK 1 - SF Lieme 1"]
[Site "NRW-Klasse, Gruppe 1 2016/201"]
[Date "2017.02.12"]
[Round "6.4"]
[White "Nent, Alexander"]
[Black "Schaffarczyk, Andre"]
[Result "0-1"]
[WhiteElo "2116"]
[BlackElo "2095"]
[Annotator "Daniel"]
[PlyCount "82"]
[EventDate "2017.??.??"]
[WhiteTeam "Ratinger SK 1"]
[BlackTeam "SF Lieme 1"]

1. d4 d5 2. c4 e6 3. Nf3 Nf6 4. g3 Bb4+ 5. Bd2 Bd6 6. Bg2 O-O 7. Nc3 c6 8. Bg5
Be7 9. O-O Nbd7 10. Qc2 h6 11. Bxf6 Nxf6 12. e4 b6 13. Ne5 Bb7 14. Qa4 Qe8 15.
Qb3 dxc4 16. Qxc4 c5 17. d5 Bd6 18. Nf3 exd5 19. exd5 Qd7 $11 20. a4 a6 21.
Rad1 Rfe8 22. Rd2 Qg4 23. Qb3 Qb4 24. Qc2 g6 25. Rfd1 Kg7 26. Nh4 Re7 27. Bh3
Bc8 28. Be6 Bd7 29. Re2 Be8 30. Ne4 Bxa4 31. b3 Qxb3 32. Qxb3 Bxb3 33. Rb1 Bc4
34. Nxd6 Bxe2 35. Bh3 b5 36. Bg2 Rd8 37. Ndf5+ gxf5 38. Nxf5+ Kf8 39. Nxe7 Kxe7
40. Re1 Kd6 41. Rxe2 c4 0-1

[Event "Ratinger SK 1 - SF Lieme 1"]
[Site "NRW-Klasse, Gruppe 1 2016/201"]
[Date "2017.02.12"]
[Round "6.5"]
[White "Niermann, Tristan"]
[Black "Graeber, Ralf"]
[Result "1-0"]
[WhiteElo "2131"]
[BlackElo "2117"]
[PlyCount "95"]
[EventDate "2017.??.??"]
[WhiteTeam "SF Lieme 1"]
[BlackTeam "Ratinger SK 1"]

1. d4 Nf6 2. c4 c5 3. d5 b5 4. cxb5 a6 5. bxa6 Bxa6 6. Nc3 g6 7. e4 Bxf1 8.
Kxf1 d6 9. Nf3 Bg7 10. g3 O-O 11. Kg2 Nbd7 12. a4 Qb6 13. Qe2 Rfe8 14. Bd2 e6
15. dxe6 Rxe6 16. Qc4 Ne5 17. Nxe5 Rxe5 18. Bf4 Re6 19. Qb5 Qd8 20. Qd3 Qe8 21.
f3 d5 22. exd5 Rd8 23. Rhd1 Rb6 24. Rd2 Rb4 25. Qe3 Qd7 26. Qxc5 Rxf4 27. gxf4
Nh5 28. Ne2 Qf5 29. Qe7 Bf6 30. Qe4 Qd7 31. Ng3 Ng7 32. Qc4 h5 33. Qb5 Qc7 34.
f5 Bg5 35. Re2 h4 36. d6 Qxd6 37. fxg6 Qxg6 38. Ne4 Bc1+ 39. Kf2 Rd1 40. Ng5
Qf6 41. Rxc1 Qd4+ 42. Kg2 Qg1+ 43. Kh3 Qf1+ 44. Rg2 Qxb5 45. axb5 Rxc1 46. b6
Rc8 47. b7 Rb8 48. Rc2 1-0

[Event "Ratinger SK 1 - SF Lieme 1"]
[Site "NRW-Klasse, Gruppe 1 2016/201"]
[Date "2017.02.12"]
[Round "6.6"]
[White "Probst, Andreas"]
[Black "Schulte, Oliver"]
[Result "0-1"]
[WhiteElo "2084"]
[BlackElo "2038"]
[PlyCount "60"]
[EventDate "2017.??.??"]
[WhiteTeam "Ratinger SK 1"]
[BlackTeam "SF Lieme 1"]

1. Nf3 Nf6 2. g3 d6 3. Bg2 e5 4. d3 c6 5. O-O g6 6. e4 Bg7 7. Nbd2 O-O 8. Re1
Nbd7 9. a4 b6 10. Nc4 Qc7 11. Bd2 Ba6 12. Ne3 d5 13. exd5 cxd5 14. Bb4 Rfe8 15.
Ng5 Bb7 16. c4 h6 17. Nxf7 Kxf7 18. cxd5 Bf8 19. Qb3 Kg7 20. d6 Qb8 21. Bxb7
Qxb7 22. Rac1 Rac8 23. Rxc8 Rxc8 24. Nc4 Qd5 25. Qd1 e4 26. Bc3 Qxd3 27. Qxd3
exd3 28. Ne5 Nxe5 29. Rxe5 Rxc3 30. bxc3 d2 0-1

[Event "Ratinger SK 1 - SF Lieme 1"]
[Site "NRW-Klasse, Gruppe 1 2016/201"]
[Date "2017.02.12"]
[Round "6.7"]
[White "Stukenbrok, Nils"]
[Black "Podhorsky, Roman"]
[Result "1-0"]
[WhiteElo "1969"]
[BlackElo "2028"]
[PlyCount "75"]
[EventDate "2017.??.??"]
[WhiteTeam "SF Lieme 1"]
[BlackTeam "Ratinger SK 1"]

1. d4 d5 2. c4 e5 3. dxe5 d4 4. Nf3 Nc6 5. a3 Nge7 6. Nbd2 Be6 7. Nb3 Bxc4 8.
Nbxd4 Qd5 9. b3 Nxd4 10. Nxd4 O-O-O 11. bxc4 Qxe5 12. e3 c5 13. Bb2 Nf5 14. Qg4
cxd4 15. Bd3 Qa5+ 16. Kf1 g6 17. Bxd4 h5 18. Bxf5+ gxf5 19. Qf3 Rh6 20. g3 Qa6
21. Qxf5+ Kb8 22. Qxf7 h4 23. gxh4 Bd6 24. Qd5 Rxh4 25. Qb5 Qxb5 26. cxb5 Bxh2
27. Rxh2 Rdxd4 28. Rxh4 Rxh4 29. Ke2 Kc7 30. Kd3 Kb6 31. a4 Ka5 32. f4 Kb4 33.
f5 Kc5 34. f6 Kd6 35. Rf1 Rh8 36. Kd4 Rh4+ 37. e4 Ke6 38. f7 1-0

[Event "Ratinger SK 1 - SF Lieme 1"]
[Site "NRW-Klasse, Gruppe 1 2016/201"]
[Date "2017.02.12"]
[Round "6.8"]
[White "Dehne, Mirko"]
[Black "Mbarek, Najd"]
[Result "0-1"]
[WhiteElo "2090"]
[BlackElo "1967"]
[PlyCount "38"]
[EventDate "2017.??.??"]
[WhiteTeam "Ratinger SK 1"]
[BlackTeam "SF Lieme 1"]

1. Nf3 c5 2. c4 e6 3. g3 b6 4. Bg2 Bb7 5. O-O Nf6 6. b3 Be7 7. Bb2 O-O 8. e3 d5
9. Nc3 dxc4 10. bxc4 Nc6 11. Qe2 Qd7 12. Rfd1 Rad8 13. d3 Qc8 14. Ne1 Ne5 15.
f4 Ng6 16. Nf3 Rd7 17. h3 Rfd8 18. g4 Qa8 19. e4 Nxf4 0-1

[Event "SV Letmathe 1 - SK Münster 2"]
[Site "NRW-Klasse, Gruppe 2 2016/201"]
[Date "2016.10.23"]
[Round "2.1"]
[White "Emunds, Hans Georg"]
[Black "Kolosowski, Mateusz"]
[Result "0-1"]
[WhiteElo "2119"]
[BlackElo "2433"]
[PlyCount "49"]
[EventDate "2016.??.??"]
[WhiteTeam "SK Münster 2"]
[BlackTeam "SV Letmathe 1"]

1. e4 e5 2. Nf3 Nc6 3. Bb5 Nge7 4. O-O g6 5. c3 a6 6. Ba4 Bg7 7. d4 exd4 8.
cxd4 b5 9. Bb3 O-O 10. Nc3 Na5 11. Bc2 d6 12. h3 h6 13. b3 f5 14. Be3 Bb7 15.
Qd2 b4 16. Nd5 Nxd5 17. exd5 Bxd5 18. Bd1 g5 19. Qxb4 c5 20. Qa4 Nc6 21. Rc1 g4
22. hxg4 fxg4 23. Nh2 g3 24. fxg3 Qe7 25. Bf4 0-1

[Event "SV Letmathe 1 - SK Münster 2"]
[Site "NRW-Klasse, Gruppe 2 2016/201"]
[Date "2016.10.23"]
[Round "2.2"]
[White "Podzielny, Karl-Heinz"]
[Black "Wieder, Heiner"]
[Result "1-0"]
[WhiteElo "2333"]
[BlackElo "2105"]
[PlyCount "66"]
[EventDate "2016.??.??"]
[WhiteTeam "SV Letmathe 1"]
[BlackTeam "SK Münster 2"]

1. d4 f5 2. g3 Nf6 3. Bg2 d6 4. d5 e5 5. dxe6 c6 6. Nf3 Bxe6 7. Nd4 Bf7 8. c4
g6 9. b3 Bg7 10. Nc3 O-O 11. O-O d5 12. Qc2 Ne4 13. Nxe4 dxe4 14. Bb2 Na6 15.
Rad1 Qb6 16. Qb1 Rad8 17. Qa1 Bh6 18. Nc2 c5 19. Ne3 Nc7 20. Be5 Be6 21. Qc3
Ne8 22. g4 Bg7 23. gxf5 gxf5 24. Bh3 f4 25. Nd5 Rxd5 26. Bxe6+ Qxe6 27. Rxd5 f3
28. Kh1 Nf6 29. Bxf6 Bxf6 30. Rg1+ Kh8 31. Qe3 Bd4 32. Qg5 Bf6 33. Qh6 fxe2 1-0

[Event "SV Letmathe 1 - SK Münster 2"]
[Site "NRW-Klasse, Gruppe 2 2016/201"]
[Date "2016.10.23"]
[Round "2.3"]
[White "Virnyi, Julius"]
[Black "Adamski, Jan"]
[Result "1/2-1/2"]
[WhiteElo "2069"]
[BlackElo "2246"]
[PlyCount "26"]
[EventDate "2016.??.??"]
[WhiteTeam "SK Münster 2"]
[BlackTeam "SV Letmathe 1"]

1. d4 Nf6 2. c4 e6 3. Nc3 Bb4 4. e3 b6 5. Nge2 c5 6. a3 Ba5 7. Rb1 Na6 8. f3
O-O 9. d5 d6 10. Kf2 Bxc3 11. Nxc3 Nc7 12. e4 exd5 13. cxd5 Nd7 1/2-1/2

[Event "SV Letmathe 1 - SK Münster 2"]
[Site "NRW-Klasse, Gruppe 2 2016/201"]
[Date "2016.10.23"]
[Round "2.4"]
[White "Soukup, Jiri"]
[Black "Neuer, Thomas"]
[Result "1-0"]
[WhiteElo "2320"]
[BlackElo "2081"]
[PlyCount "43"]
[EventDate "2016.??.??"]
[WhiteTeam "SV Letmathe 1"]
[BlackTeam "SK Münster 2"]

1. f4 d5 2. Nf3 g6 3. g3 Bg7 4. Bg2 c5 5. O-O Nc6 6. d3 d4 7. a4 Nh6 8. Ng5 Bd7
9. Na3 O-O 10. Nc4 Qc7 11. h3 Nf5 12. g4 Nd6 13. Nxd6 exd6 14. f5 Be5 15. Qe1
h6 16. fxg6 fxg6 17. Bd5+ Kg7 18. Nf7 g5 19. Bxg5 hxg5 20. Qd2 Bf4 21. Rxf4 Ne7
22. Rf6 1-0

[Event "SV Letmathe 1 - SK Münster 2"]
[Site "NRW-Klasse, Gruppe 2 2016/201"]
[Date "2016.10.23"]
[Round "2.5"]
[White "Austrup, David"]
[Black "Gruermann, Martin"]
[Result "0-1"]
[WhiteElo "1923"]
[BlackElo "2169"]
[PlyCount "40"]
[EventDate "2016.??.??"]
[WhiteTeam "SK Münster 2"]
[BlackTeam "SV Letmathe 1"]

1. e4 c5 2. d4 cxd4 3. c3 Nf6 4. e5 Nd5 5. Nf3 Nc6 6. Bc4 Nb6 7. Bb3 d5 8. exd6
Qxd6 9. O-O Bf5 10. Na3 a6 11. Bxf7+ Kxf7 12. Qb3+ Nd5 13. c4 Ndb4 14. c5+ Qd5
15. Nc4 e6 16. Bf4 Bxc5 17. Rac1 Rhc8 18. g4 Bg6 19. a3 Nd3 20. Qxb7+ Kg8 0-1

[Event "SV Letmathe 1 - SK Münster 2"]
[Site "NRW-Klasse, Gruppe 2 2016/201"]
[Date "2016.10.23"]
[Round "2.6"]
[White "Haude, Ruediger"]
[Black "Kaufhold, Thomas"]
[Result "0-1"]
[WhiteElo "2041"]
[BlackElo "1992"]
[PlyCount "73"]
[EventDate "2016.??.??"]
[WhiteTeam "SV Letmathe 1"]
[BlackTeam "SK Münster 2"]

1. d4 Nf6 2. Nf3 g6 3. g3 Bg7 4. Bg2 O-O 5. O-O d6 6. c4 Nbd7 7. Nc3 c6 8. Qc2
e5 9. d5 c5 10. Bd2 Qe7 11. e4 Ne8 12. Rae1 Nc7 13. Ng5 Rb8 14. f4 a6 15. Nd1
b5 16. b3 Nb6 17. Nf3 f6 18. fxe5 fxe5 19. Nh4 Bd7 20. Rxf8+ Rxf8 21. Rf1 Ne8
22. Rxf8+ Qxf8 23. Ba5 Nc8 24. Bd2 Bh6 25. Nf3 Nf6 26. Ng5 Qe7 27. Nf2 Nxd5 28.
h4 Nf6 29. Bh3 Bg7 30. b4 h6 31. Nf3 Bxh3 32. Nxh3 Qe6 33. Nf2 bxc4 34. bxc5
dxc5 35. Be3 Bf8 36. Qb2 Nd7 37. Qb8 0-1

[Event "SV Letmathe 1 - SK Münster 2"]
[Site "NRW-Klasse, Gruppe 2 2016/201"]
[Date "2016.10.23"]
[Round "2.7"]
[White "Meyer, Ulrich"]
[Black "Pfleger, Sascha"]
[Result "1/2-1/2"]
[WhiteElo "1929"]
[BlackElo "1980"]
[PlyCount "91"]
[EventDate "2016.??.??"]
[WhiteTeam "SK Münster 2"]
[BlackTeam "SV Letmathe 1"]

1. d4 Nf6 2. Bg5 c5 3. d5 Qb6 4. Bxf6 Qxf6 5. e4 g6 6. Nc3 Bg7 7. Nf3 Qf4 8.
Qd3 Bxc3+ 9. bxc3 d6 10. Be2 O-O 11. O-O b6 12. g3 Qf6 13. Qe3 Bg4 14. Kg2
Bxf3+ 15. Bxf3 Nd7 16. Be2 a6 17. a4 Rfe8 18. f4 e5 19. f5 g5 20. Rh1 Kh8 21.
Rab1 Rg8 22. Rb2 Rg7 23. Rhb1 Qd8 24. f6 Qxf6 25. Bg4 Qd8 26. Bxd7 Qxd7 27.
Rxb6 Qxa4 28. R1b3 Qd7 29. Qf3 Qe7 30. Rb7 g4 31. Qf5 Qf8 32. Rd7 Rd8 33. Ra7
f6 34. Rbb7 Rxb7 35. Rxb7 Qh6 36. Rxh7+ Qxh7 37. Qxf6+ Kg8 38. Qxd8+ Kg7 39.
Qd7+ Kh8 40. Qxg4 a5 41. Qc8+ Kg7 42. Qd7+ Kg8 43. Qe6+ Kg7 44. Qxd6 Qxe4+ 45.
Kf1 Qf3+ 46. Ke1 1/2-1/2

[Event "SV Letmathe 1 - SK Münster 2"]
[Site "NRW-Klasse, Gruppe 2 2016/201"]
[Date "2016.10.23"]
[Round "2.8"]
[White "Hunold, Rolf"]
[Black "Freise, Eckhard"]
[Result "1-0"]
[WhiteElo "1946"]
[BlackElo "1785"]
[PlyCount "77"]
[EventDate "2016.??.??"]
[WhiteTeam "SV Letmathe 1"]
[BlackTeam "SK Münster 2"]

1. e4 e5 2. Nf3 Nc6 3. d4 exd4 4. Bc4 Nf6 5. e5 d5 6. Bb5 Ne4 7. Nxd4 Bd7 8.
Bxc6 bxc6 9. O-O Bc5 10. f3 Ng5 11. Be3 Qe7 12. Qd2 h6 13. Nc3 O-O 14. f4 Ne4
15. Nxe4 dxe4 16. Qf2 Bb6 17. a4 c5 18. Nb3 c4 19. Nc5 Rfb8 20. a5 Bxc5 21.
Bxc5 Qe6 22. Bxa7 Rxb2 23. Bd4 Rb5 24. f5 Qc6 25. Bc3 Qc5 26. Qxc5 Rxc5 27. g4
Bc6 28. Kf2 Rd5 29. Ke3 Kf8 30. Rfd1 Ra6 31. Rxd5 Bxd5 32. Kd4 c6 33. Rb1 Ra8
34. Rb6 Rd8 35. a6 Ra8 36. Bb4+ Ke8 37. Bc5 Kd8 38. a7 Kc8 39. Rb1 1-0

[Event "Herforder SV Königsspringer 1 - SF Gerr"]
[Site "NRW-Klasse, Gruppe 2 2016/201"]
[Date "2016.10.23"]
[Round "2.1"]
[White "Orlov, Andrey"]
[Black "Kirnos, Evgeni"]
[Result "1/2-1/2"]
[WhiteElo "2444"]
[BlackElo "2156"]
[PlyCount "91"]
[EventDate "2016.??.??"]
[WhiteTeam "SF Gerresheim 1"]
[BlackTeam "Herforder SV Königsspringer 1"]

1. e4 e5 2. Nf3 d6 3. d4 exd4 4. Qxd4 a6 5. Bf4 Nc6 6. Qd2 Nf6 7. Nc3 Be7 8.
O-O-O O-O 9. h3 b5 10. Bd3 Be6 11. Rhe1 Nd7 12. Nd5 Nde5 13. Be2 Nxf3 14. Bxf3
Ne5 15. Be2 Bxd5 16. Qxd5 Bg5 17. Qd2 Bxf4 18. Qxf4 Qe7 19. Qe3 Rfe8 20. Kb1
Nd7 21. f3 Rab8 22. Bf1 Nb6 23. Qd4 Qg5 24. Qc3 Na4 25. Qc6 Qe5 26. c3 Rec8 27.
Rd4 Nc5 28. Red1 h6 29. Qd5 Re8 30. Qxe5 Rxe5 31. b4 Na4 32. Kc2 Nb6 33. Kb3 g5
34. a3 Kg7 35. Rc1 Rb7 36. Rd2 Kf6 37. g3 Ke7 38. Rcd1 Rb8 39. Rd4 f5 40. exf5
Rxf5 41. Re1+ Re5 42. Rxe5+ dxe5 43. Re4 Kd6 44. f4 exf4 45. gxf4 Rf8 46. Rd4+
1/2-1/2

[Event "Herforder SV Königsspringer 1 - SF Gerr"]
[Site "NRW-Klasse, Gruppe 2 2016/201"]
[Date "2016.10.23"]
[Round "2.2"]
[White "Nordsieck, Thomas"]
[Black "Orzech, Dominik"]
[Result "0-1"]
[WhiteElo "2287"]
[BlackElo "2395"]
[PlyCount "64"]
[EventDate "2016.??.??"]
[WhiteTeam "Herforder SV Königsspringer 1"]
[BlackTeam "SF Gerresheim 1"]

1. e4 e6 2. d4 d5 3. Nc3 Bb4 4. e5 c5 5. a3 Ba5 6. Bd2 cxd4 7. Nb5 Bc7 8. f4
Bd7 9. Nxd4 Ne7 10. Ngf3 Nbc6 11. Be3 Ba5+ 12. b4 Bb6 13. c3 Rc8 14. Bd3 a6 15.
O-O Nxd4 16. cxd4 Bb5 17. Bxb5+ axb5 18. Qd3 Rc4 19. Rad1 Nf5 20. Bf2 h5 21. g3
Qd7 22. Kg2 Qc6 23. h3 Rc3 24. Qb1 Kd7 25. Rfe1 Ra8 26. g4 hxg4 27. hxg4 Raxa3
28. Ng5 Nxd4 29. Rxd4 Bxd4 30. Bxd4 Rc2+ 31. Bf2 Qc3 32. Re3 Rxf2+ 0-1

[Event "Herforder SV Königsspringer 1 - SF Gerr"]
[Site "NRW-Klasse, Gruppe 2 2016/201"]
[Date "2016.10.23"]
[Round "2.3"]
[White "Kooijmans, Jermo"]
[Black "Wolf, Andre"]
[Result "1/2-1/2"]
[WhiteElo "2178"]
[BlackElo "2195"]
[PlyCount "62"]
[EventDate "2016.??.??"]
[WhiteTeam "SF Gerresheim 1"]
[BlackTeam "Herforder SV Königsspringer 1"]

1. e4 c5 2. Nf3 g6 3. d4 cxd4 4. Qxd4 Nf6 5. Nc3 Nc6 6. Qa4 d6 7. e5 dxe5 8.
Nxe5 Bd7 9. Nxd7 Qxd7 10. Be3 Bg7 11. Rd1 Qc8 12. Be2 O-O 13. O-O a6 14. Qh4 b5
15. Rfe1 Rd8 16. Bf3 Rxd1 17. Rxd1 Qe6 18. a4 Rb8 19. axb5 axb5 20. Qf4 Ne5 21.
Kh1 b4 22. Nd5 Nxd5 23. Bxd5 Qf6 24. h3 e6 25. Bb3 Qxf4 26. Bxf4 Rc8 27. c3
bxc3 28. bxc3 h6 29. Bxe5 Bxe5 30. c4 Kf8 31. Kg1 Ke7 1/2-1/2

[Event "Herforder SV Königsspringer 1 - SF Gerr"]
[Site "NRW-Klasse, Gruppe 2 2016/201"]
[Date "2016.10.23"]
[Round "2.4"]
[White "Bentel, Robin"]
[Black "Agterberg, Mark"]
[Result "0-1"]
[WhiteElo "1974"]
[BlackElo "2122"]
[PlyCount "106"]
[EventDate "2016.??.??"]
[WhiteTeam "Herforder SV Königsspringer 1"]
[BlackTeam "SF Gerresheim 1"]

1. Nf3 d5 2. g3 Bg4 3. Bg2 Nd7 4. d3 Ngf6 5. O-O e6 6. c4 Be7 7. Nbd2 O-O 8.
Qc2 c5 9. e3 Qc7 10. b3 Rfd8 11. Bb2 a6 12. a3 Rac8 13. h3 Bh5 14. cxd5 Nxd5
15. e4 N5f6 16. Nc4 Bxf3 17. Bxf3 b5 18. Ne3 Ne5 19. Be2 Nc6 20. Rfc1 Qb7 21.
Ng4 Nxg4 22. Bxg4 Nd4 23. Bxd4 Rxd4 24. b4 c4 25. Be2 c3 26. Qb3 Qc6 27. e5 Bg5
28. f4 Bd8 29. Qd1 Bb6 30. Kh2 Rdd8 31. Bf3 Qd7 32. Be4 Be3 33. Rc2 Bd2 34. Qf3
Rc7 35. Rb1 f5 36. exf6 gxf6 37. Qh5 Kh8 38. Rd1 f5 39. Qh4 Rf8 40. Bg2 Rcc8
41. Qh6 Rce8 42. Bc6 Qxd3 43. Bxe8 Qe2+ 44. Kh1 Qxd1+ 45. Kh2 Qe2+ 46. Kh1 Rxe8
47. Qf6+ Kg8 48. Qg5+ Kf7 49. Qh6 Rg8 50. Qxh7+ Rg7 51. Qh8 Qf3+ 52. Kh2 Qxg3+
53. Kh1 Qg1# 0-1

[Event "Herforder SV Königsspringer 1 - SF Gerr"]
[Site "NRW-Klasse, Gruppe 2 2016/201"]
[Date "2016.10.23"]
[Round "2.5"]
[White "Dresen, Ulrich"]
[Black "Loemker, Michael"]
[Result "1-0"]
[WhiteElo "2175"]
[BlackElo "2028"]
[Annotator "Hausrath,Daniel"]
[PlyCount "99"]
[EventDate "2016.??.??"]
[WhiteTeam "SF Gerresheim 1"]
[BlackTeam "Herforder SV Königsspringer 1"]

1. d4 g6 2. c4 Bg7 3. e4 Nc6 4. Nf3 e5 5. dxe5 Nxe5 6. Nxe5 Bxe5 7. Nc3 d6 8.
Bd3 Ne7 9. Bh6 f5 10. Qd2 Be6 11. O-O Qd7 12. Nd5 fxe4 13. Bxe4 O-O-O 14. Bg5
Bxd5 15. cxd5 Kb8 16. Rac1 h6 17. Be3 g5 18. Rc4 Bf4 19. Bxf4 gxf4 20. Rfc1 Rc8
21. Qxf4 h5 22. Qf7 Rcf8 23. Qg7 Rhg8 24. Qc3 Rc8 25. Qf3 Qe8 26. Qb3 Rg5 27.
Rb4 b6 28. Qd3 Qg8 29. Qa6 Re8 30. Rxc7 Kxc7 31. Qxa7+ Kd8 32. Qxb6+ Kd7 33.
Qb7+ Kd8 $11 34. Rc4 Nc6 35. Qb6+ Ke7 36. Qxc6 Kf7 37. g3 Qf8 38. f4 Rg7 39.
Bf5 Kg8 40. Be6+ Kh8 41. f5 Rg5 42. Rf4 Rb8 43. Qc3+ Kh7 44. b4 Qd8 45. Kg2 Ra8
46. a3 Qb6 47. h4 Rg4 48. Rxg4 hxg4 49. f6 Qa6 50. Qc7+ 1-0

[Event "Herforder SV Königsspringer 1 - SF Gerr"]
[Site "NRW-Klasse, Gruppe 2 2016/201"]
[Date "2016.10.23"]
[Round "2.6"]
[White "Hanisch, Bernd"]
[Black "Volkov, Mykyta"]
[Result "0-1"]
[WhiteElo "2002"]
[BlackElo "2175"]
[PlyCount "78"]
[EventDate "2016.??.??"]
[WhiteTeam "Herforder SV Königsspringer 1"]
[BlackTeam "SF Gerresheim 1"]

1. c4 Nf6 2. Nc3 e6 3. g3 d5 4. d4 Be7 5. Bg2 O-O 6. cxd5 exd5 7. Nf3 c6 8. O-O
Bf5 9. Nh4 Bg4 10. h3 Be6 11. Nf3 Nbd7 12. Qc2 Ne8 13. e4 dxe4 14. Nxe4 Nef6
15. Rd1 Nxe4 16. Qxe4 Nf6 17. Qc2 Bd5 18. Be3 Re8 19. a3 a5 20. Re1 Be4 21. Qc4
Bd5 22. Qc2 Be4 23. Qc4 b5 24. Qf1 Bd6 25. Nd2 Bxg2 26. Qxg2 Nd5 27. Nf1 Qf6
28. Rad1 Bc7 29. Nh2 Re6 30. Nf3 Rae8 31. Bd2 Qf5 32. Rxe6 Rxe6 33. Re1 Rxe1+
34. Nxe1 Qb1 35. Qf3 Qxb2 36. Qe4 Kf8 37. Bg5 h6 38. Nf3 hxg5 39. Nxg5 Qc1+ 0-1

[Event "Herforder SV Königsspringer 1 - SF Gerr"]
[Site "NRW-Klasse, Gruppe 2 2016/201"]
[Date "2016.10.23"]
[Round "2.7"]
[White "Van Lanen, Toon"]
[Black "Quelle, Helmut"]
[Result "1-0"]
[WhiteElo "2075"]
[BlackElo "2031"]
[PlyCount "115"]
[EventDate "2016.??.??"]
[WhiteTeam "SF Gerresheim 1"]
[BlackTeam "Herforder SV Königsspringer 1"]

1. e4 e6 2. d4 d5 3. Nc3 dxe4 4. Nxe4 Nd7 5. Nf3 Ngf6 6. Bd3 Nxe4 7. Bxe4 Nf6
8. Bd3 c5 9. Be3 cxd4 10. Bxd4 Be7 11. Qe2 O-O 12. O-O Qd5 13. Rfd1 Qh5 14. Ne5
Qxe2 15. Bxe2 Nd5 16. c4 Nf4 17. Bf3 f6 18. Nd3 Nxd3 19. Rxd3 Rd8 20. Rad1 Rb8
21. Bxa7 Rxd3 22. Bxb8 Rxd1+ 23. Bxd1 Bc5 24. Bf3 Kf7 25. a3 Bd4 26. b3 f5 27.
Bd6 Kf6 28. a4 g5 29. h3 e5 30. Bd5 h5 31. Kf1 g4 32. h4 b6 33. Ke2 f4 34. Be4
Be6 35. Bc7 Bf5 36. f3 Bxe4 37. fxe4 Ke7 38. a5 bxa5 39. Bxa5 Kd6 40. Be1 Kc5
41. Kd3 f3 42. gxf3 gxf3 43. b4+ Kc6 44. Bg3 Kd6 45. Kd2 Ke6 46. Ke1 Bc3+ 47.
Kf2 Bxb4 48. Kxf3 Kd6 49. Ke2 Bc5 50. Kd3 Bd4 51. Be1 Ke6 52. Kc2 Kd6 53. Kb3
Kc6 54. Bc3 Kc5 55. Bxd4+ Kxd4 56. Kb4 Kxe4 57. c5 Kd5 58. Kb5 1-0

[Event "SV Kamen 1 - SV Erkenschwick 1"]
[Site "NRW-Klasse, Gruppe 2 2016/201"]
[Date "2016.10.23"]
[Round "2.1"]
[White "Jens, Jelmer"]
[Black "Weidemann, Christian"]
[Result "1-0"]
[WhiteElo "2373"]
[BlackElo "2321"]
[PlyCount "69"]
[EventDate "2016.??.??"]
[WhiteTeam "SV Erkenschwick 1"]
[BlackTeam "SV Kamen 1"]

1. e4 c5 2. Nf3 e6 3. d4 cxd4 4. Nxd4 Nf6 5. Nc3 Nc6 6. Nxc6 bxc6 7. e5 Nd5 8.
Ne4 Qc7 9. f4 Rb8 10. Bd3 Qb6 11. Qe2 Be7 12. a3 f5 13. Nf2 Qd4 14. g3 Rxb2 15.
Bxb2 Qxb2 16. O-O Bxa3 17. c4 Nb4 18. Rfb1 Qc3 19. Nd1 Qd4+ 20. Qe3 Qxe3+ 21.
Nxe3 Bc1 22. Rxc1 Nxd3 23. Rcb1 a6 24. Ra3 Nc5 25. Ra5 Ne4 26. Rb8 Kd8 27. Rxa6
Kc7 28. Raa8 g5 29. fxg5 Nxg5 30. Nc2 Nf3+ 31. Kf2 Nxe5 32. Nb4 Ng4+ 33. Kg1 d5
34. c5 Rd8 35. Ra7+ 1-0

[Event "SV Kamen 1 - SV Erkenschwick 1"]
[Site "NRW-Klasse, Gruppe 2 2016/201"]
[Date "2016.10.23"]
[Round "2.2"]
[White "Himmel, Hansjoerg"]
[Black "Erwich, Frank"]
[Result "1-0"]
[WhiteElo "2196"]
[BlackElo "2307"]
[PlyCount "71"]
[EventDate "2016.??.??"]
[WhiteTeam "SV Kamen 1"]
[BlackTeam "SV Erkenschwick 1"]

1. e4 e5 2. Nf3 Nc6 3. Bb5 Nge7 4. c3 d5 5. Nxe5 dxe4 6. Qe2 Be6 7. Nxc6 bxc6
8. Ba6 Qd7 9. O-O Nd5 10. Qxe4 Bd6 11. d4 O-O 12. Bd3 Nf6 13. Qh4 Bf5 14. Bxf5
Qxf5 15. Nd2 Rfe8 16. Nc4 Qc2 17. Nxd6 cxd6 18. Qf4 Ne4 19. Qf3 a5 20. a4 Qb3
21. Qd3 c5 22. dxc5 dxc5 23. Qb5 Qd5 24. Be3 Reb8 25. Qe2 Rb6 26. Rfd1 Qc6 27.
Bf4 Qb7 28. f3 Nf6 29. Rd2 Re8 30. Qf2 Nd5 31. Bg3 h5 32. h4 Ne3 33. Re2 Rbe6
34. Rae1 Nd1 35. Rxe6 Rxe6 36. Rxd1 1-0

[Event "SV Kamen 1 - SV Erkenschwick 1"]
[Site "NRW-Klasse, Gruppe 2 2016/201"]
[Date "2016.10.23"]
[Round "2.4"]
[White "Georg, Heinz"]
[Black "Van Zutphen, Jimmy"]
[Result "1-0"]
[WhiteElo "2153"]
[BlackElo "2194"]
[PlyCount "149"]
[EventDate "2016.??.??"]
[WhiteTeam "SV Kamen 1"]
[BlackTeam "SV Erkenschwick 1"]

1. e4 c5 2. Nf3 Nc6 3. Bb5 g6 4. O-O Bg7 5. Re1 Nf6 6. c3 O-O 7. d4 cxd4 8.
cxd4 d5 9. e5 Ne4 10. Nc3 Nxc3 11. bxc3 Qa5 12. a4 Bg4 13. Ba3 Qxc3 14. Bxc6
Qxc6 15. Bxe7 Rfe8 16. Rc1 Bxf3 17. gxf3 Qe6 18. Bb4 Rac8 19. Qd3 Rc6 20. Rxc6
Qxc6 21. Qb5 Rc8 22. Qxc6 Rxc6 23. a5 Bf8 24. Rb1 Rc7 25. Kg2 Bxb4 26. Rxb4 Rc4
27. Rxb7 Rxd4 28. Rxa7 Ra4 29. a6 g5 30. Kf1 Ra2 31. h3 d4 32. Kg2 d3 33. Kg3
d2 34. Rd7 Rxa6 35. Rxd2 Ra5 36. f4 h6 37. Re2 gxf4+ 38. Kxf4 Ra3 39. Re3 Ra2
40. Rg3+ Kf8 41. Rf3 Re2 42. Kf5 Ke7 43. Rf4 Ra2 44. Kg4 Ke6 45. Rf6+ Kxe5 46.
Rxf7 Ke6 47. Rf8 Ke7 48. Rf4 Ra6 49. Kh5 Rb6 50. Ra4 Rf6 51. f4 Rb6 52. Ra7+
Kf6 53. h4 Rb4 54. Ra6+ Kf5 55. Kxh6 Rxf4 56. h5 Rh4 57. Ra8 Kf6 58. Rf8+ Ke7
59. Rf1 Rg4 60. Kh7 Rg2 61. Rf5 Rg1 62. Kh6 Rg2 63. Kh7 Rg1 64. h6 Rg2 65. Ra5
Kf7 66. Ra7+ Kf8 67. Rg7 Rh2 68. Rg5 Kf7 69. Rf5+ Ke8 70. Rf6 Ke7 71. Kg7 Rh5
72. Rg6 Rd5 73. h7 Rc5 74. h8=Q Rc8 75. Qh4+ 1-0